WWE women superstars name by photo - Statistics

General Stats
  • This quiz has been taken 339 times
  • The average score is 15 of 19
Answer Stats
Picture Answer % Correct
lita
93%
alexa bliss
92%
asuka
92%
brie bella
92%
nikki bella
92%
sasha banks
92%
becky lynch
89%
ronda rousey
87%
bayley
86%
carmella
84%
charlotte
84%
naomi
84%
tamina
81%
beth phoenix
77%
ember moon
75%
mickie james
72%
lana
71%
holly molly
65%
torrie wilson
40%
No matching quizzes found
Score Distribution
Percent of People with Each Score
Percentile by Number Answered
Your Score History
You have not taken this quiz